000 00321 a2200145 4500
001 194758
040 _cMagnum
100 _aHeck, Lenira Almeida
240 1 0 _aNo reino das letras felizes
_lpor
245 1 0 _aNo reino das letras felizes
300 _a14
362 0 _a2007
697 _aLITERATURA GERAL
942 _cBK
999 _c194758
_d194758